|
|
|
|
| LEADER |
01443nam a22003251a 4500 |
| 001 |
31977 |
| 003 |
BD-DhAAL |
| 005 |
20211115131535.0 |
| 008 |
170801r20041956nyu 000 0 eng |
| 999 |
|
|
|c 38244
|d 38244
|
| 010 |
|
|
|a 57000401
|
| 020 |
|
|
|a 0486437558
|
| 020 |
|
|
|a 0486201120
|
| 040 |
|
|
|a DLC
|c GACCLC
|d OCoLC
|d OCoC-L
|d DLC
|d BD-DhAAL
|
| 050 |
0 |
0 |
|a D16.8
|b .H46 1956
|
| 082 |
|
|
|a 901
|
| 100 |
1 |
|
|a Hegel, Georg Wilhelm Friedrich,
|d 1770-1831.
|9 21960
|
| 240 |
1 |
0 |
|a Vorlesungen über die Philosophie der Geschichte.
|l English
|
| 245 |
1 |
4 |
|a The philosophy of history /
|c Georg Wilhelm Friedrich Hegel ; prefaces by Charles Hegel and the translator, J. Sibree ; a new introduction by C.J. Friedrich.
|
| 260 |
|
|
|a New York :
|b Dover Publications,
|c 1956 [reissued 2004]
|
| 300 |
|
|
|a xvi, 457 pages ;
|c 21 cm.
|
| 500 |
|
|
|a "An unabridged and unaltered republication of the last revision of the translation by J. Sibree, published by the Colonial Press in 1899"--T.p. verso.
|
| 500 |
|
|
|a Translation of: Vorlesungen über die Philosophie der Geschichte.
|
| 526 |
|
|
|a ARC
|
| 541 |
|
|
|e 31977
|
| 650 |
|
0 |
|a History
|x Philosophy.
|9 21961
|
| 650 |
|
0 |
|a Architecture
|9 42672
|
| 700 |
1 |
|
|a Sibree, J.
|q (John)
|9 21962
|
| 942 |
|
|
|2 ddc
|c BK
|
| 952 |
|
|
|0 0
|1 0
|2 ddc
|4 0
|6 901_000000000000000_HEG
|7 0
|9 60974
|a BRACUL
|b BRACUL
|c GEN
|d 2017-07-31
|e Development Book Agency
|g 2012.00
|l 2
|m 2
|o 901 HEG
|p 3010031977
|r 2025-12-07
|s 2025-11-26
|t 1
|v 2012.00
|w 2017-07-31
|y BK
|